Statistics for Black Clover: Members of the Black Bulls

Click here to take the quiz!

General Stats

  • This quiz has been taken 1,380 times
    (898 since last reset)
  • The average score is 11 of 15

Answer Stats

HintAnswer% Correct
Anti-MagicAsta
100%
Dark MagicYami Sukehiro
97%
Water MagicNoelle Silva
93%
Lightning MagicLuck Voltia
92%
Fire MagicMagna Swing
85%
Thread MagicVanessa Enoteca
81%
Spatial MagicFinral Roulacasse
79%
Cotton MagicCharmy Pappitson
77%
Transformation MagicGrey
76%
Poison MagicGordon Agrippa
71%
Mirror MagicGauche Adlai
65%
Recombination MagicHenry Legolant
60%
Sealing MagicNero / Secre Swallowtail
58%
Ash MagicZora Ideale
57%
Shadow MagicNacht Faust
17%

Score Distribution

Percentile by Number Answered

Percent of People with Each Score

Your Score History

You have not taken this quiz since the last reset